000 00370pam a2200157a 44500
008 230405s1986 xxu||||| |||| 00| 0 eng d
041 _aENG
100 _aBansil P. C.
245 _aEconomic Problems of Indian Agriculture
250 _a1
260 _a
_bOxford & IBM pub Nes Delh
_c1986
300 _a304, 24cm
440 _a49
690 _aIMRDA
906 _a240
999 _c253099
_d253099